Draft revised East Midlands RPG published (Record no. 72503)

MARC details
000 -LEADER
fixed length control field 01112cam a2200217 4500
001 - CONTROL NUMBER
control field WB3915-20
008 - FIXED-LENGTH DATA ELEMENTS--GENERAL INFORMATION
fixed length control field 030415n2003 000 0 eng u
035 ## - SYSTEM CONTROL NUMBER
System control number (Sirsi) u122006
245 ## - TITLE STATEMENT
Title Draft revised East Midlands RPG published
260 ## - PUBLICATION, DISTRIBUTION, ETC.
Date of publication, distribution, etc. 2003
490 ## - SERIES STATEMENT
Series statement Planning (for the Natural and Built Environment)
Volume/sequential designation (1514) 11 April 2003, 5(1)
520 ## - SUMMARY, ETC.
Summary, etc. The draft regional planning guidance (RPG8) will steer East Midlands' development up to 2021 and will tie in with the region's new economic strategy. It contains policies aimed at promoting sustainable growth and targets use of renewable energy, sustainable design and floodplain development. Housing targets remain unchanged. Regional planning responsibility has been transferred to the East Midlands Assembly. The draft revised RPG8 can be found at http://www.emrlga.org.uk/rpg/index.asp
590 ## - LOCAL NOTE (RLIN)
Local note WB
650 ## - SUBJECT ADDED ENTRY--TOPICAL TERM
Topical term or geographic name entry element RPG8
650 ## - SUBJECT ADDED ENTRY--TOPICAL TERM
Topical term or geographic name entry element EAST MIDLANDS
650 ## - SUBJECT ADDED ENTRY--TOPICAL TERM
Topical term or geographic name entry element REGIONAL ECONOMIC STRATEGIES
650 ## - SUBJECT ADDED ENTRY--TOPICAL TERM
Topical term or geographic name entry element SUSTAINABLE ECONOMY
650 ## - SUBJECT ADDED ENTRY--TOPICAL TERM
Topical term or geographic name entry element FLOOD RISK
690 ## - LOCAL SUBJECT ADDED ENTRY--TOPICAL TERM (OCLC, RLIN)
Topical term or geographic name as entry element ENVIRONMENTAL AND LAND CONSULTANCY-PLANNING AND DEVELOPMENT
942 ## - ADDED ENTRY ELEMENTS (KOHA)
Suppress in OPAC 0
Holdings
Withdrawn status Lost status Source of classification or shelving scheme Damaged status Not for loan Home library Current library Shelving location Date acquired Total Checkouts Full call number Barcode Date last seen Copy number Price effective from Koha item type
    Dewey Decimal Classification     London London News article 15/04/2003   WB3915-20 122006-1001 06/08/2019 1 06/08/2019 News article